LEADER 00970nam a2200265 i 4500 001 000000107098 003 CaOOAMICUS 005 20050224000000.0 008 050224s1980 it u000 u ita u 013 $a79314 040 $aSeMil$bita 100 1 $aVerdiglione, Armando <1944- >.$0(OLS)http://semarc/name/6427 245 13$aLa peste /$cArmando Verdiglione. 260 $aMilano :$bSpirali/Vel,$c1980. 300 $a225 p. ;$c24 cm. 490 0 $aFondazioni della psicoanalisi 500 $aFondo Card. C.M. Martini. 650 4$aPsicanalisi.$0(OLS)http://semarc/subject/1341 830 0$aFondazioni della psicoanalisi.$0(OLS)http://semarc/title/11526 850 $aSeMil 852 $aSeMil$W1$xVenegono$y1$m2O IV 51$j63194$B63194$CSeMilBibl$Z2$F98402 $81 941 1 $a4 961 $aOmaggio: Martini Card. Carlo Maria 996 $6245$aLa peste$9(OLS)http://semarc/title/111592 996 $6260$aMilano :$bSpirali/Vel$9(OLS)http://semarc/publisher/32368 LEADER 01089nam a2200265 i 4500 001 000000114467 003 CaOOAMICUS 005 20040715000000.0 008 040715s2004 it u000 u ita u 013 $a87153 020 $a88-343-1133-7 040 $aSeMil$bita 100 1 $aZerbi, Pietro,$c.$0(OLS)http://semarc/name/10165 245 10$aIncontri, ideali e dibattiti di una lunga vita /$cPietro Zerbi. 260 $aMilano :$bVita e Pensiero,$ccopyr. 2004. 300 $aXIV, 606 p. ;$c22 cm. 500 $aDono del Card. Dionigi Tettamanzi. 650 4$aMilano - Università Cattolica del sacro Cuore - Storia.$0(OLS)http://semarc/subject/1601 850 $aSeMil 852 $aSeMil$W1$xVenegono$y1$m3B III 42$j70035$B70035$CSeMilBibl$Z2$F84783 $81 941 1 $a5 961 $aOmaggio: Tettamanzi Card. Dionigi 996 $6020$a88-343-1133-7$9(OLS)http://semarc/number/97803 996 $6245$aIncontri, ideali e dibattiti di una lunga vita$9(OLS)http://semarc/title/167327 996 $6260$aMilano :$bVita e Pensiero$9(OLS)http://semarc/publisher/29642